1213 1080 1418 1053 1285 1878 1516 1537 1472 1812 1041 1297 1690 1628 1979 1272 1436 1768 1951 1508 1614 1873 1770 1994 1181 1794 1244 1471 1422 1199 1595 1592 1825 1885 1181 1011 1779 1925 1293 1790 1723 1699 1676 1902 1269 1497 1573 1895 1450 1172 1172 1426 1067 1500 1268 1836 1874 1959 1704 1646 1961 1837 1233 1931 1511 1314 1286 1635 1090 1715 1425 1349 1083 1848 1167 1759 1638 1662 1327 1554 1695 1521 1608 1335 1290 1056 1599 1014 1713 1469 1357 1008 1824 1866 1263 1989 1288 1939 1666 BCNSPRNW ULIB Ver.6.0+V

เปลี่ยนเป็นภาษาไทย

Change to English
 แสดงรายละเอียดบรรณานุกรม
  กลับหน้าหลัก

Brief Record : Get Marc (ISO 2709) : E-mail record : QR code < ปิดหน้าต่าง
LEADER : 00000nam 2200000uu 4500
001    13399121127
003     ULIB
008    121106s2552||||th 000 0 tha d
050  4 ^aLB1060^bม161ก 2552
100 0  ^aมลสิช สิทธิสมบูรณ์
245 10 ^aการเขียนแผนการจัดการเรียนรู้ที่เน้นผู้เรียนเป็นสำคัญ /^cมลสิช สิทธิสมบูรณ์
260    ^aพิษณุโลก :^bคณะศึกษาศาสตร์ มหาวิทยาลัยนเรศวร,^c2552
300    ^a102 หน้า
650  7 ^aการเขียนแผนการสอน
650  7 ^aแผนการจัดการเรียนรู้
945    ^p143^l0^i16635
995    ^aกัณชพร
999 ^a กัณชพร
รายการนี้ยังไม่มีแท็ก
คุณยังไม่ได้ล็อกอิน คุณสามารถมีกิจกรรมร่วมกับเว็บไซต์ได้ แต่ต้องล็อกอินก่อน ::
  ล็อกอิน

รายการสื่อสารสนเทศ

ลำดับที่ ประเภท เลขเรียก/บาร์โค้ด สถานที่ สถานะ
1. วิทยาศาสตร์การแพทย์ และสุขภาพ
วิทยาศาสตร์การแพทย์ และสุขภาพ
LB1060 ม161ก 2552  
  Barcode: 16635
ห้องสมุดวิทยาเขตสวรรค์ประชารักษ์
►หนังสือทั่วไป
บนชั้น

รายการใกล้เคียง
    ผู้แต่ง [มลสิช สิทธิสมบูรณ์]

    หัวเรื่อง [การเขียนแผนการสอน]
    หัวเรื่อง [แผนการจัดการเรียนรู้]

BibComment


ยังไม่เคยถูกคอมเมนท์

คอมเมนท์ทรัพยากรรายการนี้
  คอมเมนท์: การเขียนแผนการจั..


 Copyright 2026. Bcnsprnw @Library